Nghiên cứu tính khả biến của tổng lượng ôzôn khí quyển tại Hà Nội và thành phố Hồ Chí Minh /

Tallennettuna:
Bibliografiset tiedot
Päätekijä: Phạm Ngọc Hồ.
Muut tekijät: Vũ Văn Mạnh.
Aineistotyyppi: Artikkeli
Kieli:Vietnamese
Tagit: Lisää tagi
Ei tageja, Lisää ensimmäinen tagi!
Thư viện lưu trữ: Thư viện Trường Đại học Đà Lạt
LEADER 00775nam a2200217 4500
001 DLU120138143
041 # # |a vie 
044 # # |a vn 
100 # # |a Phạm Ngọc Hồ. 
245 # # |a Nghiên cứu tính khả biến của tổng lượng ôzôn khí quyển tại Hà Nội và thành phố Hồ Chí Minh /  |c Phạm Ngọc Hồ, Vũ Văn Mạnh. 
700 # # |a Vũ Văn Mạnh. 
773 # # |t Thông báo khoa học của các Trường Đại Học: khoa học môi trường   |g 2000, tr. 7-14 
920 # # |a Phòng Tạp chí -- Trung tâm Thông tin - Thư viện Trường Đại học Đà Lạt 
994 # # |a DLU 
900 # # |a True 
911 # # |a Nguyễn Thị Tưởng 
925 # # |a G 
926 # # |a A 
927 # # |a BB 
980 # # |a Thư viện Trường Đại học Đà Lạt